|
|
|
|
| LEADER |
01348nam a2200325 u 4500 |
| 001 |
10116988 |
| 003 |
upatras |
| 005 |
20210117205511.0 |
| 008 |
150717s2014 us eng |
| 020 |
|
|
|a 9780691154268
|
| 040 |
|
|
|a GR-PaULI
|c GR-PaULI
|
| 041 |
0 |
|
|a eng
|
| 082 |
0 |
4 |
|a 189.4
|
| 100 |
1 |
|
|a McGinn, Bernard
|d 1937-
|4 aut
|9 145251
|
| 245 |
1 |
0 |
|a Thomas Aquinas's Summa theologiae
|b a biography
|c Bernard McGinn
|
| 260 |
|
|
|a Princeton
|b Princeton University Press
|c 2014
|
| 300 |
|
|
|a xi, 260 σ.
|c 19 εκ.
|
| 490 |
0 |
|
|a Lives of great religious books
|
| 504 |
|
|
|a Περιλαμβάνει βιβλιογραφία και ευρετήριο
|
| 650 |
|
4 |
|a Φιλοσοφία, Μεσαιωνική
|9 7325
|
| 650 |
|
4 |
|a Θεολογία
|9 9049
|
| 650 |
|
4 |
|a Καθολική Εκκλησία
|x Δόγματα
|9 145252
|
| 650 |
|
4 |
|a Σχολαστικισμός
|9 9171
|
| 600 |
1 |
4 |
|9 26207
|a Thomas Aquinas,
|c Άγιος,
|d 1225?-1274
|
| 760 |
0 |
|
|a Lives of great religious books
|
| 852 |
|
|
|a GR-PaULI
|b ΠΑΤΡΑ
|b ΦΙΛΟΣΟΦΙΑ
|k ΑΣΧΞ-4
|h 189.4 MCG
|m 10417
|p 025000186232
|t 1
|
| 942 |
|
|
|2 ddc
|c BK15
|
| 952 |
|
|
|0 0
|1 0
|4 0
|6 189_400000000000000_MCG
|7 0
|9 181732
|a PHIL
|b PHIL
|d 2016-04-24
|i 10417
|l 2
|o 189.4 MCG
|p 025000186232
|r 2020-03-04 00:00:00
|s 2020-02-20
|t 1
|w 2016-04-24
|y BK15
|
| 998 |
|
|
|c ΚΑΝΕΛΛΟΠΟΥΛΟΥ
|d 2015-07
|
| 999 |
|
|
|c 112326
|d 112326
|